<?xml version="1.0" encoding="UTF-8"?>
<record
    xmlns:xsi="http://www.w3.org/2001/XMLSchema-instance"
    xsi:schemaLocation="http://www.loc.gov/MARC21/slim http://www.loc.gov/standards/marcxml/schema/MARC21slim.xsd"
    xmlns="http://www.loc.gov/MARC21/slim">

  <leader>01712pab a2200169 454500</leader>
  <controlfield tag="008">180718b2013   xxu||||| |||| 00| 0 eng d</controlfield>
  <datafield tag="100" ind1=" " ind2=" ">
    <subfield code="a">Ryzin, Gregg G. Van</subfield>
  </datafield>
  <datafield tag="245" ind1=" " ind2=" ">
    <subfield code="a">An experimental test of the expectancy-disconfirmation theory of citizen satisfaction</subfield>
  </datafield>
  <datafield tag="260" ind1=" " ind2=" ">
    <subfield code="c">2013</subfield>
  </datafield>
  <datafield tag="300" ind1=" " ind2=" ">
    <subfield code="a">p.597-614.</subfield>
  </datafield>
  <datafield tag="362" ind1=" " ind2=" ">
    <subfield code="a">Summer</subfield>
  </datafield>
  <datafield tag="520" ind1=" " ind2=" ">
    <subfield code="a">A number of prior studies have found evidence for the expectancy-disconfirmation theory of citizen satisfaction with public services, which holds that citizens judge public services not only on experienced service quality but also on an implicit comparison of service quality with prior expectations. But the evidence to date has been based on surveys (observational studies) and on subjective measures of expectations and performance, which are likely endogenous. Thus, the present study aimed to test the expectancy-disconfirmation theory of citizen satisfaction with public services using an experimental method. Participants in an Internet panel (N = 964) were randomly assigned to receive either low- or high-expectations statements from a hypothetical government official and to view either low- or high-performance street cleanliness photographs, in an online survey experiment. The findings are in line with previous research and generally confirm the core relationships in the theory, although the effect of expectations varied by age and political ideology. Because this study is a true randomized experiment, it provides better evidence than previous studies regarding the true causal nature of these relationships. - Reproduced.</subfield>
  </datafield>
  <datafield tag="650" ind1=" " ind2=" ">
    <subfield code="a">Public administration</subfield>
  </datafield>
  <datafield tag="773" ind1=" " ind2=" ">
    <subfield code="a">Journal of Policy Analysis and Management</subfield>
  </datafield>
  <datafield tag="908" ind1=" " ind2=" ">
    <subfield code="a">N</subfield>
  </datafield>
  <datafield tag="909" ind1=" " ind2=" ">
    <subfield code="a">100800</subfield>
  </datafield>
  <datafield tag="999" ind1=" " ind2=" ">
    <subfield code="c">100799</subfield>
    <subfield code="d">100799</subfield>
  </datafield>
  <datafield tag="952" ind1=" " ind2=" ">
    <subfield code="0">0</subfield>
    <subfield code="1">0</subfield>
    <subfield code="4">0</subfield>
    <subfield code="7">0</subfield>
    <subfield code="a">IIPA</subfield>
    <subfield code="b">IIPA</subfield>
    <subfield code="d">2018-07-19</subfield>
    <subfield code="h">Volume no: 32, Issue no: 3</subfield>
    <subfield code="p">AR101260</subfield>
    <subfield code="r">2018-07-19</subfield>
    <subfield code="w">2018-07-19</subfield>
    <subfield code="y">AR</subfield>
  </datafield>
</record>
